Currency Abbreviations - Statistics

General Stats
  • This quiz has been taken 23 times
  • The average score is 40 of 47
Answer Stats
Hint Answer % Correct
Australia
100%
USD Dollar
100%
NTD Dollar
100%
AUD Dollar
100%
EUR Euro
100%
CHF Franc
100%
Japan
100%
United Kingdom
100%
United States
100%
JPY Yen
100%
Brazil
95%
China
95%
Egypt
95%
Philippines
95%
GBP Pound
95%
EGP Pound
95%
Russia
95%
Thailand
95%
Vietnam
95%
CNY Yuan
95%
India
89%
Poland
89%
RUB Ruble
89%
Switzerland
89%
THB Baht
84%
VND Dong
84%
TRY Lira
84%
CLP Peso
84%
PHP Peso
84%
BRL Real
84%
INR Rupee
84%
Turkey
84%
PLN Zloty
79%
Chile
74%
SEK Krona
74%
Nigeria
74%
South Korea
74%
Sweden
74%
KRW Won
74%
South Africa
68%
ZAR Rand
63%
Israel
58%
ILS Shekel
58%
Taiwan
58%
SAR Riyal
53%
Saudi Arabia
53%
NGN Naira
47%
No matching quizzes found
Score Distribution
Percent of People with Each Score
Percentile by Number Answered
Your Score History
You have not taken this quiz